| 000 | 00591nam a2200181Ia 4500 | ||
|---|---|---|---|
| 005 | 20250423101700.0 | ||
| 008 | 250422s9999 xx 000 0 und d | ||
| 020 | _a0684835975 | ||
| 050 | _aPS 3553 .L287 .W46/ | ||
| 100 | _aClark, Mary Higgins | ||
| 245 | 0 | _aWe’ll meet again | |
| 260 | _aNew York | ||
| 260 | _bSimon & Schuster | ||
| 260 | _c1999 | ||
| 300 | _a314 p | ||
| 650 | _aInvestigative reporting_Fiction |9 387416 Women journalists_Fiction |9 181266 Judicial error_Fiction |9 235909 Murder_Fiction |9 189654 Connecticut |9 387417 Romantic suspense novels. | ||
| 942 | _cBK | ||
| 999 |
_c36971 _d36971 |
||